00724nam a2200229Ia 450000100060000000300090000600800410001504000130005604000130006904100130008210000200009510000290011524500890014424500530023325000110028626000120029726000240030926000490033330000550038265000260043765000310046313284IT-RoPAU130308s9999 xx 000 0 und d aIT-RoPAU cIT-RoPAU aITALIANO aFinestauri Elio gCodice Aut. SPICS: 12470 aCanali di diffusione presso l'infanzia del prodotto cinematografico e televisivo (I) bRapporto tra mezzi Audiovisivi ed Eta' Evolutiva a1a ed. aSALERNO bFestival Del Cinema c1981 [1° Ed.:1981 - Ed.Ling.Originale:1981] a"7 p. (prefazione: no ; testo: 7 [pagine: 73-79])" aDIDATTICA AUDIOVISIVA eCodice materia Spics: 4002